00000000nam 2200000za 4500
0019.852891
003CaOODSP
00520221107154707
007cr |||||||||||
008180305s1976    onc    #o    f000 0 eng d
040 |aCaOODSP|beng
043 |an-cn---
0861 |aR32-461/1976E-PDF
24500|aSummary of "As long as this land shall last" |h[electronic resource] / |cprepared by T&HRC.
24610|aAs long as this land shall last
260 |aOttawa : |bTreaties and Historical Research Centre, |c1976.
300 |a19 p.
500 |aTitle from cover.
500 |aDigitized edition from print [produced by Indigenous and Northern Affairs Canada].
520 |a"In As Long as This Land Shall Last René Fumoleau discusses the background and after effects of Treaties 8 and 11. The westward migration of Canadian settlers in the early part of the nineteenth century led to the negotiating of treaties, adhesions to treaties, and land surrenders in attempts at mutual agreement between the white settlers and the Indian people"--Introduction, p. 2.
69207|2gccst|aIndians
69207|2gccst|aLand claims
69207|2gccst|aAgreements
7102 |aTreaties and Historical Research Centre (Canada)
7101 |aCanada. |bIndian and Northern Affairs Canada.
85640|qPDF|s1.24 MB|uhttps://publications.gc.ca/collections/collection_2018/aanc-inac/R32-461-1976-eng.pdf